British authors of the 19th century
Сохранить в:
| Главный автор: | |
|---|---|
| Формат: | |
| Язык: | Undetermined |
| Опубликовано: |
New York
H. W. Wilson
1956
|
| Предметы: | |
| Метки: |
Добавить метку
Нет меток, Требуется 1-ая метка записи!
|
| Thư viện lưu trữ: | Trung tâm Học liệu Trường Đại học Cần Thơ |
|---|
| LEADER | 00536nam a2200181Ia 4500 | ||
|---|---|---|---|
| 001 | CTU_26729 | ||
| 008 | 210402s9999 xx 000 0 und d | ||
| 082 | |a 820.9 | ||
| 082 | |b K95 | ||
| 100 | |a Stanley J Kunitz | ||
| 245 | 0 | |a British authors of the 19th century | |
| 245 | 0 | |c Stanley J Kunitz, Howard Haycraft | |
| 260 | |a New York | ||
| 260 | |b H. W. Wilson | ||
| 260 | |c 1956 | ||
| 650 | |a authors,literateurs,literature - history and criticism | ||
| 904 | |i Minh, 981019 | ||
| 980 | |a Trung tâm Học liệu Trường Đại học Cần Thơ | ||